|
|
|
|
| LEADER |
00000nam a2200000 a 4500 |
| 001 |
vtls010606407 |
| 003 |
SK-MaSNL |
| 005 |
20260302023545.0 |
| 008 |
160429s2014 xo a a 000 0 slo |
| 015 |
|
|
|a SNBA2014/07
|
| 020 |
|
|
|a 9788080899684 (brož.)
|
| 040 |
|
|
|a SNK
|b slo
|c SNK
|e AACR2
|
| 041 |
0 |
|
|a slo
|
| 044 |
|
|
|a xo
|c SK
|
| 072 |
|
7 |
|a 0/9-053.2
|x Literatúra pre deti a mládež (náučná)
|2 konspekt
|
| 072 |
|
7 |
|a 373.2/.3
|x Predškolská a primárna výchova a vzdelávanie
|2 konspekt
|
| 080 |
|
|
|a 373.2
|2 2001
|
| 080 |
|
|
|a 37.016:003-028.31
|2 2001
|
| 080 |
|
|
|a (0.053.2)
|2 2001
|
| 080 |
|
|
|a (076.1)
|2 2001
|
| 080 |
|
|
|a 159.955
|2 2001
|
| 245 |
0 |
0 |
|a Písanie
|b moja prvá učebnica : zábavné úlohy pre predškolákov
|
| 246 |
3 |
0 |
|a Moja prvá učebnica
|
| 250 |
|
|
|a 1. vyd.
|
| 260 |
|
|
|a Bratislava
|b Fragment
|c 2014
|
| 300 |
|
|
|a [24] s.
|b fareb. ilustr.
|c 33 cm
|
| 500 |
|
|
|a Názov z obalu
|
| 521 |
1 |
|
|a Pre deti od 5 rokov
|
| 650 |
0 |
7 |
|a predškolská výchova
|2 SNKPH
|9 3959
|
| 650 |
0 |
7 |
|a písanie
|2 SNKPH
|9 1728
|
| 650 |
0 |
7 |
|a Preschool education
|2 SNKPHeng
|9 267868
|
| 650 |
0 |
7 |
|a Writing
|2 SNKPHeng
|9 302882
|
| 650 |
0 |
7 |
|a rozvoj myslenia
|2 SNKPH
|9 3967
|
| 650 |
0 |
7 |
|a Development of thought
|2 SNKPHeng
|9 312971
|
| 655 |
|
7 |
|a publikácie pre deti
|2 SNKPH
|9 70148
|
| 655 |
|
7 |
|a pracovné zošity
|2 SNKPH
|9 70188
|
| 655 |
|
7 |
|a Children's literature
|2 SNKPHeng
|9 276039
|
| 655 |
|
7 |
|a Activity books
|2 SNKPHeng
|9 302885
|
| 919 |
|
|
|a 978-80-8089-968-4
|
| 958 |
|
|
|a DB
|
| 999 |
|
|
|c 1036987
|d 1038917
|
| 952 |
|
|
|a SNK
|b SNK
|y PREZ
|7 0
|p 17A1112743
|o snkOSB 17604
|i snk2014/14582
|8 0
|0 0
|1 0
|4 0
|d 2014-06-25
|l 0
|r 2026-02-24 14:12:37
|w 2026-02-24
|
| 952 |
|
|
|a SNK
|b SNK
|y PREZ
|7 0
|p 17A1112744
|o snkOSB 17604 D1
|i snk2014/14584
|8 0
|0 0
|1 0
|4 0
|d 2014-06-25
|l 0
|r 2026-02-24 14:12:37
|w 2026-02-24
|